Intereses por depósitos a plazo fijo. Tratamiento en el impuesto sobre los ingresos brutos (Registro nro. 13828)

Detalles MARC
000 -LEADER
fixed length control field 00380 a2200109 4500
001 - CONTROL NUMBER
control field ART_40605
005 - DATE AND TIME OF LATEST TRANSACTION
control field 20260410161646.0
008 - FIXED-LENGTH DATA ELEMENTS--GENERAL INFORMATION
fixed length control field 260409a
100 1# - MAIN ENTRY--PERSONAL NAME
Personal name Januszewski, Karina
245 10 - TITLE STATEMENT
Title Intereses por depósitos a plazo fijo. Tratamiento en el impuesto sobre los ingresos brutos
773 0# - HOST ITEM ENTRY
Title Consultor tributario
Related parts - Año 10, Nº 116 (oct. 2016)
Record control number REV474

No hay ítems disponibles.